Statistics for Real Madrid all time xi

Click here to take the quiz!

General Stats

  • This quiz has been taken 71 times
  • The average score is 8 of 11

Answer Stats

HintAnswer% Correct
FW(PortugalCristiano Ronaldo
98%
GK(Spain)Iker Casillas
98%
DF(Spain)Sergio Ramos
94%
MF(Croatia)Luka Modrić
91%
MF(France)Zinedine Zidane
82%
FW(Spain)Raúl
75%
DF(Brazil)Roberto Carlos
72%
FW(Argentina)Alfredo Di stefano
68%
DF(Spain)Dani Carvajal
57%
MF(Spain)Paco Gento
20%
DF(Spain)Manolo Sanchís
12%

Score Distribution

Percentile by Number Answered

Percent of People with Each Score

Your Score History

You have not taken this quiz